00414nam a2200157Ia 45000010006000000050017000060080041000230410008000640820016000721000034000882450081001222600009002033000028002126500008002406540008002482511720260414151128.0260414t2012||||xx |||||||||||||| ||spa|| aESP a346.21bR93 aRuiz-Rico Ruiz, CatalinaeAUT 0aEl derecho constitucional a conciliar la vida laboral, familiar y personalb c2012 a195 páginas :c21 cm. aDER aCDE